| 000 | 03004cam a22006254i 4500 | ||
|---|---|---|---|
| 003 | PE-LiUPU | ||
| 005 | 20250731173407.0 | ||
| 008 | 150706s r 000 0 d | ||
| 020 | _a9788482673530 | ||
| 035 | _a(Sirsi) i9788482673530 | ||
| 035 | _a(Sirsi) i9788482673530 | ||
| 040 |
_aPE-LiUPU _bspa _cPE-LiUPU _erda |
||
| 049 | _aPRUA | ||
| 082 | 0 | 4 |
_a226.506 _bM79 _221 |
| 100 | 1 |
_aMorris, Leon, _eautor. |
|
| 245 | 1 | 0 |
_aJesús es el Cristo : _bestudios sobre la teología de Juan / _cLeon Morris. |
| 264 | 1 |
_aBarcelona : _bCLIE, _c2003. |
|
| 300 |
_a223 páginas ; _c23 cm. |
||
| 336 |
_atext _2rdacontent |
||
| 337 |
_aunmediated _2rdamedia |
||
| 338 |
_avolume _2rdacarrier |
||
| 490 | 0 |
_aColección teológica contemporánea. Estudios teológicos ; _v5 |
|
| 500 | _aTraducción de: Jesús is the Christ. | ||
| 504 | _aIncluye bibliografía. | ||
| 505 | 0 | _aEl propósito teológico de Juan -- La relación entre las señales y los discursos -- Jesús, el hombre -- El Cristo de Dios -- El Hijo de Dios -- Los "YO SOY" -- Dios el Padre -- "Para que creáis" -- Vida. | |
| 526 | _aSEG42 | ||
| 526 | _aSEG41 | ||
| 526 | _aSEG40 | ||
| 526 | _aSEG39 | ||
| 526 | _aP94 | ||
| 526 | _aP87 | ||
| 526 | _aP86 | ||
| 526 | _aP85 | ||
| 526 | _aP77 | ||
| 526 | _aP76 | ||
| 526 | _aP35 | ||
| 541 | _g001-001102; | ||
| 541 | _g001-0000606; | ||
| 600 | 1 |
_aJesucristo _xPersona y oficio _vEnseñanza Bíblica |
|
| 600 | 1 |
_aJesucristo _xHistoria de las doctrinas _yIglesia primitiva, ca. 30-600 |
|
| 630 |
_aBiblia. _pN.T. _pJuan _xTEOLOGIA . |
||
| 700 | 1 |
_aLópez Medel, Ismael, _etr. |
|
| 700 | 1 |
_aAraujo Ozuma, Nelson, _erev. y corrección. |
|
| 910 |
_agl _bjv _cng _d20110825 |
||
| 942 |
_2ddc _cBOOK |
||
| 949 |
_a226.506 M79 _wDEWEY _c1 _i63382 _lCCODEBUL1 _mBUL _p14.00 _r0 _sY _tBOOK _u2015-7-6 _xTEOLOGIA _PP35 _o.STAFF. Colección General |
||
| 949 |
_a226.506 M79 _wDEWEY _c2 _i65686 _lCCODEBUL1 _mBUL _p31.00 _r0 _sY _tBOOK _u2015-7-6 _xTEOLOGIA _PP35 _o.STAFF. Colección General |
||
| 949 |
_aPGT 226.506 M79 _wDEWEY _c1 _i71889 _lPOSTGRADO _mBUL _p31.00 _r1 _sY _tBOOK _u2015-8-24 _xPOSGRADO _PP85 _0COMPRA _o.CIRCNOTE. No olvidar cambiar la fecha de devolución!!!!!!! _o.STAFF. Posgrado |
||
| 994 |
_aC0 _bPEPRU |
||
| 596 | _a1 | ||
| 999 |
_a226.506 M79 _wDEWEY _c52344 _i63382 _d52344 _e2019-4-7 _f2021-11-9 _g5 _lCCODEBUL1 _mBUL _n2 _p14.00 _q1 _r0 _sY _tBOOK _u2015-7-6 _xTEOLOGIA _PP35 _0COMPRA _o.STAFF. Colección General |
||
| 999 |
_a226.506 M79 _wDEWEY _c2 _i65686 _f2021-11-9 _g5 _lCCODEBUL1 _mBUL _p31.00 _r0 _sY _tBOOK _u2015-7-6 _xTEOLOGIA _PP35 _0COMPRA _o.STAFF. Colección General |
||
| 999 |
_aPGT 226.506 M79 _wDEWEY _c1 _i71889 _f2021-11-9 _g5 _lCCODEBUL1 _mBUL _p31.00 _r0 _sY _tBOOK _u2015-8-24 _xTEOLOGIA _PP85 _0COMPRA _o.CIRCNOTE. No olvidar cambiar la fecha de devolución!!!!!!! _o.STAFF. Posgrado |
||
| 980 |
_81 _gALBERTO SANCHEZ Responsable de Automatización |
||